000 01539nam a2200265 a 4500
001 000026296
003 DO-SdBNP
005 20260304085435.0
008 110310s2000 dr c 000 0 spa d
040 _aDO-SdBNP
_bspa
_cBNPHU
082 4 _a923.27293
_bP349u
_222
100 1 _aUffre Báez, Luis Gilberto
_953325
245 1 0 _aVida y pensamiento del Dr. José Francisco Peña Gómez /
_cLuis Gilberto Uffre Báez, Rainer Manuel Castillo Peralta, Juan Aquino Ramírez.
260 _aSanto Domingo :
_bInstituto de Ciencias Políticas y Administración del PRD,
_c2000.
300 _a151 p. :
_bil., retrs. ;
_c22 cm.
500 _aIncluye referencias bibliográficas y notas al pie de las páginas
505 0 _aPresentación: Peña Gómez y la juventud dominicana /
_rPeggy Cabral Peña Gómez --
_tPerfil biográfico del Dr. José Francisco Peña Gómez /
_rLuis Gilberto Uffre Báez --
_tCurriculum vitae del Dr. José Francisco Peña Gómez --
_tVida y pensamiento del Dr. José Francisco Peña Gómez /
_rRainier Manuel Castillo Peralta --
_tVida y pensamiento del Dr. José Francisco Antonio Peña Gómez /
_rJuan Aquino Ramírez --
_tBibliografía --
_gAnexo.
600 1 0 _aPeña Gomez, Jose Francisco ,
_d1937-1998
_xPensamiento político
_92994
650 4 _aPolíticos
_zRepública Dominicana
_91349
651 0 _aRepública Dominicana
_xPolítica y gobierno
_945
700 1 _aCastillo Peralta, Rainer Manuel
_953326
700 1 _aAquino Ramírez, Juan
_953327
910 _aValidado. Control de la calidad EMS.
942 _2ddc
_cLBS1
999 _c25788
_d25788